000 00388cam a2200145ua 4500
041 _aeng
_h
082 _a825
_bRAD/OC
100 _aRadhakrishnan, .
245 _aOcasional speeches and wrightings /
_cRadhakrishnan.
_hTextual Documents
260 _aIndia :
_bPublication Division, Govt. of India ,
_c1959.
300 _a617 ; .
504 _a
942 _cBK
999 _c12843
_d12843